Missing Word: 'R' Movies Quiz Stats

 Plays Quiz Updated Apr 29, 2012

Support Sporcle.
Go Orange.
Score 0/20 Timer 03:00
0 Plays Today
Hint Answer % Correct
Casino ________ (2006)Royale
94.1%
School of ________ (2003)Rock
93%
________ of the Lost Ark (1981)Raiders
92.6%
Blade ________ (1982)Runner
91.8%
When in ________ (2010)Rome
90.8%
The Mummy ________ (2001)Returns
89%
The ________ to El Dorado (2000)Road
86.1%
A _______ Runs Through It (1992)River
85.6%
________ Hour (1998)Rush
85.1%
Minority ________ (2002)Report
80.5%
Hint Answer % Correct
Burn After ________ (2008)Reading
79.9%
From ________ With Love (1963)Russia
79.8%
________ the Titans (2000)Remember
78.2%
Hotel ________ (2004)Rwanda
72.4%
Ghost ________ (2007)Rider
69.4%
________ Race (2001)Rat
67.4%
________ Jury (2003)Runaway
53.3%
________ Man (1988)Rain
51.3%
Meet the ________ (2007)Robinsons
35.6%
Nights in ________ (2008)Rodanthe
32.3%

Today's Daily Dose

Word Ladder
ING Words

Get the Picture
Nearest Volcano

From the Vault

Movie Pictograms II

by Captain_Annoying

Movies 6m
You'll see these movies in a whole different way.
Remove Ads.
Support Sporcle.
Get the best of Sporcle when you Go Orange. This ad-free experience offers more features, more stats, and more fun while also helping to support Sporcle. Thank you for becoming a member.

Show Comments

Extras

Top Quizzes Today


Score Distribution

Your Account Isn't Verified!

In order to create a playlist on Sporcle, you need to verify the email address you used during registration. Go to your Sporcle Settings to finish the process.

Report this User

Report this user for behavior that violates our Community Guidelines.

Details: